专名中所有字均为二级字的县级行政区 - Statistics

General Stats
  • This quiz has been taken 21 times
  • The average score is 18 of 36
Answer Stats
省级行政区 地级行政区 县级行政区 % Correct
江苏省 淮安市 盱眙县
94%
浙江省 舟山市 嵊泗县
94%
安徽省 黄山市 歙县
83%
山西省 临汾市 隰县
78%
安徽省 黄山市 黟县
78%
山东省 日照市 莒县
72%
山西省 阳泉市 盂县
67%
河南省 鹤壁市 浚县
67%
湖南省 常德市 澧县
61%
四川省 成都市 邛崃市
61%
山西省 运城市 绛县
56%
安徽省 宿州市 泗县
56%
安徽省 宣城市 泾县
56%
河南省 鹤壁市 淇县
50%
四川省 绵阳市 梓潼县
50%
甘肃省 平凉市 崆峒区
50%
河北省 保定市 蠡县
44%
山西省 晋中市 祁县
44%
山西省 吕梁市 岚县
44%
河南省 商丘市 睢县
44%
湖南省 株洲市 攸县
44%
四川省 泸州市 泸县
44%
四川省 宜宾市 珙县
44%
云南省 曲靖市 麒麟区
44%
山东省 聊城市 莘县
39%
河南省 平顶山市 郏县
39%
甘肃省 定西市 岷县
39%
山西省 长治市 襄垣县
33%
山西省 忻州市 岢岚县
33%
陕西省 宝鸡市 陇县
33%
河南省 开封市 杞县
28%
河南省 洛阳市 嵩县
28%
陕西省 安康市 岚皋县
28%
甘肃省 定西市 漳县
28%
河北省 邯郸市 邱县
17%
山西省 临汾市 襄汾县
17%
No matching quizzes found
Score Distribution
Percent of People with Each Score
Percentile by Number Answered
Your Score History
You have not taken this quiz